Giáo trình quan hệ chính trị quốc tế /

Gespeichert in:
Bibliographische Detailangaben
1. Verfasser: Dương Xuân Ngọc, GS.TS.
Weitere Verfasser: Lưu Văn An, TS.
Format: Sách giấy
Sprache:Vietnamese
Veröffentlicht: H. : Chính trị Quốc gia, 2008.
Schlagworte:
Tags: Tag hinzufügen
Keine Tags, Fügen Sie den ersten Tag hinzu!
Thư viện lưu trữ: Thư viện Trường Đại học Đà Lạt
LEADER 00775nam a2200301 4500
001 DLU140162264
005 ##20140623
040 # # |a DLU  |b vie 
041 # # |a vie 
044 # # |a vn 
082 # # |a 327.1  |b DU-N 
100 # # |a Dương Xuân Ngọc,  |c GS.TS. 
245 # # |a Giáo trình quan hệ chính trị quốc tế /  |c Dương Xuân Ngọc, Lưu Văn An. 
260 # # |a H. :  |b Chính trị Quốc gia,  |c 2008. 
300 # # |a 345 tr. ;  |c 21 cm. 
650 # # |a Chính trị thế giới  |v Giáo trình. 
700 # # |a Lưu Văn An,  |c TS. 
923 # # |a 01/2014LS 
991 # # |a GT 
992 # # |a 48000 
994 # # |a KLS 
900 # # |a True 
911 # # |a Đào Thị Thu Huyền 
925 # # |a G 
926 # # |a A 
927 # # |a SH 
980 # # |a Thư viện Trường Đại học Đà Lạt